Manual liberacionista

Tallennettuna:
Bibliografiset tiedot
Aineistotyyppi: Tuntematon
Julkaistu: San José: Partido Liberación Nacional
Tagit: Lisää tagi
Ei tageja, Lisää ensimmäinen tagi!

MARC

LEADER 00000 a2200000 04500
001 18969
003
008 991231s d
040 |a CRAI/IIS  |c CRAI/IIS 
090 |a 018203  
245 |a Manual liberacionista  
260 |a San José:   |b Partido Liberación Nacional  
300 |a 119 p.  
999 |c 7059  |d 7059